000
00186 a2200097 4500
001
41938
100
_a
McGraw-Hill
245
_a
Cricket
260
_a
_b
Burke
_c
090
_c
26000
_d
26000
942
_a
NUST-CAE
_c
M
_c
17782
999
_c
277011
_d
277011